Can You Name the Apps and games - Statistics

General Stats
  • This quiz has been taken 199 times
  • The average score is 6 of 12
Answer Stats
Picture Answer % Correct
YouTube
99%
Netflix
90%
Roblox
73%
Discord
67%
Reddit
61%
App Store
59%
Minecraft
43%
Kahoot
31%
YouTube Kids
24%
Google Play Store
23%
BTD6
20%
Bandicam
5%
No matching quizzes found
Score Distribution
Percent of People with Each Score
Percentile by Number Answered
Your Score History
You have not taken this quiz